书目信息 |
| 题名: |
经济理性与经济学家的使命
|
|
| 作者: | 史晋川 著 | |
| 分册: | ||
| 出版信息: | 杭州 浙江大学出版社 1999.10 |
|
| 页数: | 335页 | |
| 开本: | 32开 | |
| 丛书名: | ||
| 单 册: | ||
| 中图分类: | F0-53 | |
| 科图分类: | ||
| 主题词: | 政治经济学 | |
| 电子资源: | ||
| ISBN: | 7-308-02204-8 | |
| 000 | 00573nam0 2200193 45 | |
| 001 | 0012140923 | |
| 005 | 20001214092352.1 | |
| 010 | @a7-308-02204-8@d18.00元 | |
| 100 | @a20001214d1999 km y0chiy0120 ea | |
| 101 | 0 | @achi |
| 105 | @a z 000yy | |
| 200 | 1 | @a经济理性与经济学家的使命@AJing Ji Li Xing Yu Jing Ji Xue Jia De Shi Ming@f史晋川著@FShi Jin Chuan Zhu |
| 210 | @a杭州@c浙江大学出版社@d1999.10 | |
| 215 | @a335页@d32开 | |
| 606 | 0 | @a政治经济学 |
| 690 | @aF0-53@v3 | |
| 701 | 0 | @a史晋川@4著 |
| 801 | @aCN@bPftUser@c20001214 | |
| 905 | @b312888-890@dF0-53@eSH113@f3 | |
| 经济理性与经济学家的使命/史晋川著.-杭州:浙江大学出版社,1999.10 |
| 335页;32开 |
| ISBN 7-308-02204-8:18.00元 |
| ● |
| 相关链接 |
|
|
|
正题名:经济理性与经济学家的使命
索取号:F0-53/SH113
 
预约/预借
| 序号 | 登录号 | 条形码 | 馆藏地/架位号 | 状态 | 备注 |
| 1 | 312888 | 203128882 | 社科二线422/422社科库 47排3列3层/ [索取号:F0-53/SH113] | 在馆 | |
| 2 | 312889 | 203128891 | 社科二线422/422社科库 47排3列4层/ [索取号:F0-53/SH113] | 在馆 | |
| 3 | 312890 | 203128908 | 社科二线422/422社科库 47排3列4层/ [索取号:F0-53/SH113] | 在馆 |